Higher Engineering Mathematics (Record no. 1239)

MARC details
000 -LEADER
fixed length control field 00381nam a22001577a 4500
005 - DATE AND TIME OF LATEST TRANSACTION
control field 20180425121711.0
008 - FIXED-LENGTH DATA ELEMENTS--GENERAL INFORMATION
fixed length control field 160521b xxu||||| |||| 00| 0 eng d
041 ## - LANGUAGE CODE
Language code of text/sound track or separate title eng
082 ## - DEWEY DECIMAL CLASSIFICATION NUMBER
Item number 3633
Classification number 510.2462
100 ## - MAIN ENTRY--AUTHOR NAME
Personal name B.S. Grewal
245 ## - TITLE STATEMENT
Title Higher Engineering Mathematics
260 ## - PUBLICATION, DISTRIBUTION, ETC. (IMPRINT)
Name of publisher Khanna Publishing
300 ## - PHYSICAL DESCRIPTION
Number of Pages 1215
650 ## - SUBJECT ADDED ENTRY--TOPICAL TERM
Topical Term DIPLOMA ENGINEERING
942 ## - ADDED ENTRY ELEMENTS (KOHA)
Koha item type Books
Holdings
Lost status Damaged status Collection code Home library Current library Shelving location Date acquired Full call number Accession Number Koha item type
    CS/IT JRU Library JRU Library SHELF-57-G 21/05/2016 510.2462 3633 Books